000 00471nam a2200193Ia 4500
005 20240823014200.0
008 240823s9999||||xx |||||||||||||| ||und||
020 _a81-7409-066-5
041 _aENGLISH
082 _A621.3822 P3
100 _aSarkar N
245 0 _aElements of Digital Signal Processing
250 _a2nd
260 _c2003
_b"Khanna Publishders,"
_aNew Delhi
500 _aYES
650 _aSignals
_bElectronics
942 _cBK
999 _c169350
_d169350